00617nam a22001817a 4500003000900000008004100009020001800050040007100068082001600139100002900155245002900184260003000213300004400243505009700287650002500384650001600409650001000425AR-CdUCM190528b ||||| |||| 00| 0 spa d a84-329-7127-8 aMUNICIPALIDAD PROVINCIAL DEL CUSCOcBIBLIOTECA MUNICIPAL DEL CUSCO a740 /bF363 aFernandez Huerta, José aIniciación al dibujo / aBarcelona :bCeac,c1973. a207 páginas ;bIlustraciones,c25 cm. aContenido: El dibujo como medio de expresión -- Dibujo a lápiz -- Dibujo geométrico... aTécnicas de dibujo aGeometría aMapas